000
00309nam a22001457a 4500
008
231101b ||||| |||| 00| 0 eng d
020
_a
3540134034
041
_a
eng
080
_a
521
082
_a
521HOF
100
_a
19
101
_a
ASTRO
245
_a
VARIABLE STARS
_c
HOFFMEISTER.C
942
_2
udc
_c
BK
999
_c
60484
_d
60484